00445 2200169 4500001002100000005001500021035002000036007000300056008004100059082000800100084001400108100002000122245005400142250000600196260005200202300002100254INLIS00000000000089920220613100533 a0010-0622000043ta220613 g 0 ind  a895 a895 ZA j0 aZarkasih, Ahmad1 aJadi Yang Benar Pendapat Siapa? /cAhmad Zarkasih a1 aJakarta Selatan :bRumah Fikih Publising,c2019 a32 hlm. ;c20 cm